| 000 | 02742 a2200373 4500 | ||
|---|---|---|---|
| 001 | 23876054 | ||
| 003 | 0000 | ||
| 005 | 20251031105649.0 | ||
| 008 | 240925s2025 flu b 001 0 eng | ||
| 010 | _a 2024008641 | ||
| 020 | _a9781032452760 | ||
| 035 | _a23876054 | ||
| 040 |
_aDLC _beng _erda _cDLC _dDLC |
||
| 042 | _apcc | ||
| 050 | 0 | 0 | _aTJ 1210 .C62 |
| 100 | _aAbdul-Rani, Ahmad Majdi (editor) | ||
| 245 | 0 | 0 |
_aConventional and powder mixed electro-discharge machining : _bbiomedical applications / _cedited by Ahmad Majdi Abdul-Rani, Masdi Muhammad, T V V L N Rao, Saeed Rubaiee, Anaa Ahmed and Mohd Danish. |
| 264 | 1 |
_aBoca Raton, FL : _bCRC Press, _c2025. |
|
| 300 | _axx, 186p. ill. | ||
| 336 |
_atext _btxt _2rdacontent |
||
| 337 |
_aunmediated _bn _2rdamedia |
||
| 338 |
_avolume _bnc _2rdacarrier |
||
| 490 | 0 | _aAdvances in design, materials and manufacturing for sustainability | |
| 504 | _aIncludes bibliographical references and index. | ||
| 505 | 2 | _aConventional EDM of titanium and molybdenum alloys / Alexis Mouangue, Ahmad Majdi Abdul-Rani, Masdi bin Muhammad, T V V L N Rao. | |
| 520 |
_a"This book presents the evolution of electro-discharge machining (EDM) process from conventional EDM to powder mixed EDM with emphases on the biomedical applications. It discusses the theory behind each process and their applications in the field of biomedical applications, and presents a brief background to various EDM processes, current research challenges, and detailed case studies of powder mixed EDM of various materials. It also includes the state-of-the-art review of the EDM process. Focuses on biomedical implant and device manufacturing using commercialization of Powder Mixed Electro-Discharge Machining (PM-EDM) technology Discusses surface modification of biomaterials through PM-EDM process Reviews processing of the metallic biomaterials for biomedical applications Explores optimization of the process factors for achieving optimal responses using NSGA-II Includes comprehensive mechanism and application details of PM-EDM process This book is aimed at graduate students, researchers in manufacturing, production, materials, and biomedical engineering"-- _cProvided by publisher. |
||
| 650 | 0 |
_aElectric discharge machining _x |
|
| 650 | 0 | _a | |
| 700 | 1 |
_aAbdul-Rani, Ahmad Majdi, _eeditor. |
|
| 776 | 0 | 8 |
_iOnline version: _tConventional and powder mixed electro-discharge machining _bFirst edition. _dBoca Raton, FL : CRC Press, Taylor & Francis Group, 2025 _z9781003456018 _w(DLC) 2024008642 |
| 906 |
_a7 _bcbc _corignew _d1 _eecip _f20 _gy-gencatlg |
||
| 942 |
_2lcc _cBK |
||
| 999 |
_c43963 _d43963 |
||